Posudzovanie finančného rizika v procese stanovenia hodnoty podniku

Guardado en:
Detalles Bibliográficos
Autor principal: Markovič, Peter, 1974-
Formato: Capítulo de libro
Lenguaje:eslovaco
Etiquetas: Agregar Etiqueta
Sin Etiquetas, Sea el primero en etiquetar este registro!

MARC

LEADER 00000naa$a2200000$$$4500
001 0061198
005 20240502083146.8
041 0 |a slo 
044 |a CZ 
245 1 0 |a Posudzovanie finančného rizika v procese stanovenia hodnoty podniku  |c Peter Markovič 
100 1 |a Markovič, Peter, 1974-